| 000 | 00724nam a2200217Ia 4500 | ||
|---|---|---|---|
| 008 | 241004s9999 xx 000 0 und d | ||
| 020 | _a9783030186777 | ||
| 037 | _aTextbook | ||
| 040 |
_aARTS _beng _cARTS |
||
| 041 |
_aeng _2eng |
||
| 084 |
_aX8(M71).65 Q9 _qARTS |
||
| 100 |
_aKobayashi Kazuo _9724623 |
||
| 245 |
_aIndian cotton textiles in West Africa: African agency, consumer demand and making of the global economy, 1750-1850 _cKobayashi Kazuo |
||
| 260 |
_aSwitzerland _bCham Palgrave _c2022 |
||
| 300 | _axvii,258p. | ||
| 365 |
_aEUR _b49.99 |
||
| 490 | _aCambridge imperial and post - colonial studies | ||
| 650 | _aEconomics | ||
| 942 |
_cTB _hX8(M71).65 Q9 |
||
| 999 |
_c1218769 _d1218769 |
||